Constitutional Law of India/ (Record no. 1715335)

MARC details
000 -LEADER
fixed length control field 00772nam a22002537a 4500
005 - DATE AND TIME OF LATEST TRANSACTION
control field 20260313122259.0
008 - FIXED-LENGTH DATA ELEMENTS--GENERAL INFORMATION
fixed length control field 260313b |||||||| |||| 00| 0 eng d
020 ## - INTERNATIONAL STANDARD BOOK NUMBER
International Standard Book Number 9789392140914
037 ## - SOURCE OF ACQUISITION
Terms of availability TB
040 ## - CATALOGING SOURCE
Original cataloging agency LCT
Transcribing agency LCT
041 ## - LANGUAGE CODE
Source of code eng
Language code of text/sound track or separate title eng
Language code of original eng
084 ## - COLON CLASSIFICATION NUMBER
Classification number V2:2:(Z) K6;R5
100 ## - MAIN ENTRY--PERSONAL NAME
Personal name Pandey, J N
9 (RLIN) 755495
245 ## - TITLE STATEMENT
Title Constitutional Law of India/
250 ## - EDITION STATEMENT
Edition statement 62nd ed.
260 ## - PUBLICATION, DISTRIBUTION, ETC.
Place of publication, distribution, etc. Prayagraj (Allahabad), India:
Name of publisher, distributor, etc. Central Law Agency,
Date of publication, distribution, etc. 2025
300 ## - PHYSICAL DESCRIPTION
Extent Lxxviii, 957p.
365 ## - TRADE PRICE
Price amount 880.00
Currency code INR
650 ## - SUBJECT ADDED ENTRY--TOPICAL TERM
Source of heading or term Law
650 ## - SUBJECT ADDED ENTRY--TOPICAL TERM
Topical term or geographic name entry element Constitutional Law
650 ## - SUBJECT ADDED ENTRY--TOPICAL TERM
Topical term or geographic name entry element Indian Constitution
9 (RLIN) 693624
700 ## - ADDED ENTRY--PERSONAL NAME
Personal name Pandey, Surendra Sahai
9 (RLIN) 1131980
942 ## - ADDED ENTRY ELEMENTS (KOHA)
Source of classification or shelving scheme Colon Classification (CC)
Koha item type Textbook
Classification part V2:2:(Z) K6;R0
Suppress in OPAC No
Holdings
Withdrawn status Lost status Source of classification or shelving scheme Damaged status Not for loan Collection Home library Current library Shelving location Date acquired Source of acquisition Cost, normal purchase price Inventory number Total Checkouts Full call number Barcode Date last seen Price effective from Koha item type
    Colon Classification (CC)     Non-fiction Law Centre-II Library Law Centre-II Library General Stacks 2026-12-04 Global Informatics Solutions, Delhi 880.00 215/04.12.2025   V2:2:(Z) K6;R0 LT0029230 2026-03-13 2026-03-13 Textbook
    Colon Classification (CC)     Non-fiction Law Centre-II Library Law Centre-II Library General Stacks 2026-12-04 Global Informatics Solutions, Delhi 880.00 215/04.12.2025   V2:2:(Z) K6;R0 LT0029231 2026-03-13 2026-03-13 Textbook
    Colon Classification (CC)     Non-fiction Law Centre-II Library Law Centre-II Library General Stacks 2026-12-04 Global Informatics Solutions, Delhi 880.00 215/04.12.2025   V2:2:(Z) K6;R0 LT0029232 2026-03-13 2026-03-13 Textbook
    Colon Classification (CC)     Non-fiction Law Centre-II Library Law Centre-II Library General Stacks 2026-12-04 Global Informatics Solutions, Delhi 880.00 215/04.12.2025   V2:2:(Z) K6;R0 LT0029233 2026-03-13 2026-03-13 Textbook
    Colon Classification (CC)     Non-fiction Law Centre-II Library Law Centre-II Library General Stacks 2026-12-04 Global Informatics Solutions, Delhi 880.00 215/04.12.2025   V2:2:(Z) K6;R0 LT0029234 2026-03-13 2026-03-13 Textbook
Copyright @ Delhi University Library System